The city of God and the goal of creation / (Record no. 21378)

MARC details
000 -LEADER
fixed length control field 01650cam a2200385 i 4500
001 - CONTROL NUMBER
control field 19599670
003 - CONTROL NUMBER IDENTIFIER
control field OSt
005 - DATE AND TIME OF LATEST TRANSACTION
control field 20260313122616.0
008 - FIXED-LENGTH DATA ELEMENTS--GENERAL INFORMATION
fixed length control field 170417s2018 ilu b 001 0 eng
010 ## - LIBRARY OF CONGRESS CONTROL NUMBER
LC control number 2017010292
020 ## - INTERNATIONAL STANDARD BOOK NUMBER
International Standard Book Number 9781433555749
Qualifying information tp
035 ## - SYSTEM CONTROL NUMBER
System control number 19599670
040 ## - CATALOGING SOURCE
Original cataloging agency DLC
Language of cataloging eng
Transcribing agency DLC
Description conventions rda
Modifying agency DLC
042 ## - AUTHENTICATION CODE
Authentication code pcc
050 00 - LIBRARY OF CONGRESS CALL NUMBER
Classification number BS680.C5
Item number A44 2018
082 00 - DEWEY DECIMAL CLASSIFICATION NUMBER
Classification number 220.6/4
Edition number 23
100 1# - MAIN ENTRY--PERSONAL NAME
Personal name Alexander, T. Desmond,
Relator term author.
245 14 - TITLE STATEMENT
Title The city of God and the goal of creation /
Statement of responsibility, etc. T. Desmond Alexander.
264 #1 - PRODUCTION, PUBLICATION, DISTRIBUTION, MANUFACTURE, AND COPYRIGHT NOTICE
Place of production, publication, distribution, manufacture Wheaton :
Name of producer, publisher, distributor, manufacturer Crossway,
Date of production, publication, distribution, manufacture, or copyright notice 2018.
300 ## - PHYSICAL DESCRIPTION
Extent 190 pages ;
Dimensions 19 cm.
336 ## - CONTENT TYPE
Content type term text
Content type code txt
Source rdacontent
337 ## - MEDIA TYPE
Media type term unmediated
Media type code n
Source rdamedia
338 ## - CARRIER TYPE
Carrier type term volume
Carrier type code nc
Source rdacarrier
490 0# - SERIES STATEMENT
Series statement Short studies in biblical theology
504 ## - BIBLIOGRAPHY, ETC. NOTE
Bibliography, etc Includes bibliographical references (pages 169-174) and index.
505 0# - FORMATTED CONTENTS NOTE
Formatted contents note The city of God -- The God-less city -- The temple city -- The holy mountain city -- The royal city -- Envisaging a transformed Jerusalem -- Hope for Jerusalem beyond divine judgment -- Seeking the city that is to come -- Anticipating new Jerusalem.
650 #0 - SUBJECT ADDED ENTRY--TOPICAL TERM
Topical term or geographic name as entry element Cities and towns
General subdivision Biblical teaching.
650 #0 - SUBJECT ADDED ENTRY--TOPICAL TERM
Topical term or geographic name as entry element Cities and towns in the Bible.
650 #0 - SUBJECT ADDED ENTRY--TOPICAL TERM
Topical term or geographic name as entry element Cities and towns
General subdivision Religious aspects
-- Christianity.
650 #0 - SUBJECT ADDED ENTRY--TOPICAL TERM
Topical term or geographic name as entry element Eschatology.
776 08 - ADDITIONAL PHYSICAL FORM ENTRY
Relationship information Online version:
Main entry heading Alexander, T. Desmond, author.
Title City of God and the goal of creation
Place, publisher, and date of publication Wheaton : Crossway, 2018
International Standard Book Number 9781433555756
Record control number (DLC) 2017045265
906 ## - LOCAL DATA ELEMENT F, LDF (RLIN)
a 7
b cbc
c orignew
d 1
e ecip
f 20
g y-gencatlg
942 ## - ADDED ENTRY ELEMENTS (KOHA)
Source of classification or shelving scheme Library of Congress Classification
Koha item type General Collection
Holdings
Withdrawn status Lost status Source of classification or shelving scheme Not for loan Home library Current library Shelving location Date acquired Source of acquisition Inventory number Total Checkouts Full call number Barcode Date last seen Copy number Price effective from Koha item type
    Library of Congress Classification   Kabarak, Main Campus Kabarak, Main Campus General Stacks 13/03/2026 Donation 2025/3577   BS680.C5 A44 2018 C.1 39951 13/03/2026 C.1 13/03/2026 General Collection
Designed with assistance from East African Informatics Ltd